| 000 | 00977nam a2200265 i 4500 | ||
|---|---|---|---|
| 001 | 106059 | ||
| 003 | ES-MaACL | ||
| 005 | 20251115063249.0 | ||
| 007 | t| | ||
| 008 | 060925s1978 sp ||||1| spa d | ||
| 020 | _a84-229-0226-5 | ||
| 080 | _a339.727.22(460) | ||
| 100 | 1 |
_aMuñoz, Juan, _d1937-2008 _9171787 |
|
| 245 | 1 | 3 |
_aLa internacionalización del capital en España, 1959-1977 / _cJuan Muñoz, Santiago Roldán, Ángel Serrano. |
| 260 |
_aMadrid : _bCuadernos para el Diálogo, _c1978. |
||
| 300 |
_a462 p. ; _c18 cm. |
||
| 490 | 1 |
_aDivulgación universitaria. Cuestiones españolas ; _v121 |
|
| 650 | 1 | 4 |
_aInversiones extranjeras- _zEspaña. _913889 |
| 700 | 1 |
_aRoldán, Santiago. _999142 |
|
| 700 | 1 |
_aSerrano, Angel. _9105686 |
|
| 710 | 2 |
_aCuadernos para el Diálogo. _93333 |
|
| 830 | 1 |
_aDivulgación universitaria. Cuestiones españolas ; _v121 _9176519 |
|
| 852 |
_aES-MaACL _jAND-833 _z- Biblioteca Juan Andrade |
||
| 999 |
_c106059 _d106059 |
||